[Event "ICS rated standard match"]
[Site "204.178.125.65"]
[Date "2000.07.28"]
[Round "?"]
[White "Hossa"]
[Black "Tinker"]
[Result "0-1"]
[WhiteElo "2264"]
[BlackElo "2368"]
[PlyCount "152"]
[EventDate "2000.??.??"]

1. e4 d5 2. exd5 Qxd5 3. d4 e5 4. dxe5 Qxd1+ 5. Kxd1 Nc6 6. Bf4 Bf5 7. Nd2
O-O-O 8. Bc4 f6 9. Ngf3 Bc5 10. Rf1 Nd4 11. Nxd4 Bxd4 12. exf6 Nxf6 13. Kc1
Rhf8 14. h3 Nd5 15. Bg5 Bf6 16. Bxf6 Rxf6 17. Bxd5 Rxd5 18. b3 Rc6 19. c4 Rd3
20. Re1 Rc3+ 21. Kd1 Bc2+ 22. Ke2 Re6+ 23. Kf1 Bd3+ 24. Kg1 Rxe1+ 25. Rxe1 Rc2
26. Nf3 Rxa2 27. Re7 Ra1+ 28. Kh2 c5 29. Rxg7 Bc2 30. Ng5 h6 31. Nf7 Ra6 32.
Ne5 Bxb3 33. Rg8+ Kc7 34. Rg3 Bc2 35. Rg7+ Kc8 36. Rg8+ Kc7 37. f4 Rf6 38. Rg7+
Kc8 39. Kg3 a5 40. Rg8+ Kc7 41. Rg7+ Kc8 42. Kf3 Rd6 43. g3 a4 44. Rg8+ Rd8 45.
Rxd8+ Kxd8 46. Ke2 a3 47. Kd2 a2 48. Kxc2 a1=Q 49. Kd2 Qg1 50. Kd3 Qxg3+ 51.
Ke4 Qxh3 52. Nf3 Kd7 53. Ke3 Ke6 54. Ke4 Qg4 55. Ke3 Kf5 56. Nd2 Qxf4+ 57. Kd3
Qxd2+ 58. Kxd2 Ke4 59. Ke2 Kd4 60. Kf2 Kxc4 61. Ke3 b5 62. Kd2 b4 63. Kc2 b3+
64. Kd2 h5 65. Ke3 b2 66. Ke4 b1=Q+ 67. Ke5 Qg6 68. Kf4 Qf6+ 69. Ke4 Qe6+ 70.
Kf3 Qf5+ 71. Kg2 h4 72. Kh1 Qd5+ 73. Kg1 Qf3 74. Kh2 Qg4 75. Kh1 h3 76. Kh2
Qg2# {Hossa checkmated} 0-1

[Event "ICS rated blitz match"]
[Site "204.178.125.65"]
[Date "2000.07.28"]
[Round "?"]
[White "Hossa"]
[Black "Tinker"]
[Result "1-0"]
[WhiteElo "2619"]
[BlackElo "2521"]
[PlyCount "107"]
[EventDate "2000.??.??"]

1. d4 d5 2. Nf3 Nf6 3. c4 e6 4. Nc3 Ne4 5. cxd5 exd5 6. e3 Bb4 7. Qb3 Nc6 8. a3
Bxc3+ 9. bxc3 O-O 10. Bd3 Na5 11. Qc2 Bf5 12. O-O Nc4 13. Rb1 b6 14. Ra1 Qf6
15. a4 c5 16. Bxc4 dxc4 17. Qb2 Qe6 18. Nh4 Bg6 19. f3 Nd6 20. Nxg6 Qxg6 21. e4
cxd4 22. cxd4 Rac8 23. Qc3 Rfd8 24. d5 b5 25. Qa5 Rb8 26. axb5 Nxb5 27. Be3 Re8
28. Rfb1 Qf6 29. Kh1 Qe5 30. Rb4 Nd4 31. Rxb8 Rxb8 32. f4 Qxe4 33. Qxa7 Rb1+
34. Rxb1 Qxb1+ 35. Bg1 Ne6 36. dxe6 fxe6 37. Qe7 Qb5 38. Qxe6+ Kf8 39. h3 g6
40. Qf6+ Ke8 41. Qh8+ Kf7 42. Qxh7+ Kf6 43. Bd4+ Kf5 44. Qe7 Qd5 45. Be3 g5 46.
Qxg5+ Ke4 47. Qxd5+ Kxd5 48. Bd2 Kd6 49. g4 Ke6 50. f5+ Kf7 51. g5 Kg8 52. g6
Kf8 53. Bb4+ Kg7 54. Bc3+ 1-0

[Event "ICS rated blitz match"]
[Site "204.178.125.65"]
[Date "2000.07.28"]
[Round "?"]
[White "Tinker"]
[Black "Hossa"]
[Result "1/2-1/2"]
[WhiteElo "2509"]
[BlackElo "2631"]
[PlyCount "180"]
[EventDate "2000.??.??"]

1. e4 d5 2. exd5 Qxd5 3. Nc3 Qe6+ 4. Nge2 Nf6 5. d4 Qb6 6. Ng3 Bd7 7. Rb1 g6 8.
Be3 Ng4 9. Qf3 Nxe3 10. fxe3 Bc6 11. Qf2 Na6 12. Bc4 f5 13. O-O O-O-O 14. b4
Be8 15. b5 Nb8 16. Nd5 Qa5 17. Qf4 Nd7 18. Rfd1 e6 19. b6 Bd6 20. Ne7+ Kb8 21.
bxa7+ Ka8 22. Qh4 Bf7 23. Bb5 Qa3 24. Nc8 Qxe3+ 25. Kf1 g5 26. Qh3 Bxg3 27.
hxg3 Nc5 28. dxc5 Rxd1+ 29. Rxd1 Rxc8 30. c6 Kxa7 31. cxb7 Kxb7 32. Qxh7 Qe5
33. Be2 Rf8 34. a4 g4 35. Qh6 Rh8 36. Qd2 Rh1+ 37. Kf2 Qc5+ 38. Qd4 Qxd4+ 39.
Rxd4 Ra1 40. Rb4+ Kc6 41. Bd3 Kd5 42. Rb5+ c5 43. a5 Be8 44. Rb8 Bc6 45. Rd8+
Ke5 46. Rc8 Kd6 47. a6 Be4 48. Bxe4 fxe4 49. Ra8 Ra2 50. Ke3 Ke5 51. Kd2 e3+
52. Kxe3 Rxc2 53. Rc8 Ra2 54. Rxc5+ Kd6 55. Rc4 Rxa6 56. Rxg4 Ra3+ 57. Kf2 Ra2+
58. Kf3 Ra3+ 59. Ke2 e5 60. Rg6+ Kd5 61. g4 Ra2+ 62. Kf1 Rd2 63. Rf6 Rc2 64. g5
Rd2 65. g6 Rd4 66. g7 Rg4 67. Rf7 Ke6 68. Rc7 Kf6 69. Kf2 Rxg7 70. Rxg7 Kxg7
71. Kg3 Kf6 72. Kh4 Kf5 73. Kh3 e4 74. g3 e3 75. Kg2 Kg4 76. Kf1 Kf3 77. g4 Kf4
78. g5 Kf5 79. g6 Kf6 80. g7 Kf7 81. Ke1 Kg8 82. Kd1 Kh7 83. Kc1 Kg8 84. Kc2
Kh7 85. g8=Q+ Kxg8 86. Kd3 Kh8 87. Kc2 Kg8 88. Kd3 Kh8 89. Kc2 Kg8 90. Kd3 Kh8
1/2-1/2

[Event "ICS rated blitz match"]
[Site "204.178.125.65"]
[Date "2000.07.28"]
[Round "?"]
[White "Hossa"]
[Black "Tinker"]
[Result "1/2-1/2"]
[WhiteElo "2626"]
[BlackElo "2514"]
[PlyCount "203"]
[EventDate "2000.??.??"]

1. e4 d5 2. exd5 Qxd5 3. Nc3 Qe6+ 4. Nge2 Nf6 5. d4 Qb6 6. Ng3 Bd7 7. Rb1 Na6
8. d5 O-O-O 9. Be3 Qa5 10. a3 e5 11. Qd2 Bc6 12. Rd1 h5 13. Bd3 Bd7 14. O-O h4
15. Nge4 Nxe4 16. Bxe4 h3 17. f4 f5 18. Bf3 hxg2 19. Bxg2 exf4 20. Rxf4 Re8 21.
Bf1 Rh6 22. Re1 Rg6+ 23. Kh1 Bd6 24. Rf2 Re5 25. h3 Rg3 26. Ne2 Qxd2 27. Bxd2
Rxd5 28. Bf4 Bxf4 29. Nxf4 Rd6 30. Kh2 Rg5 31. Re7 Nc5 32. Rg2 Rxg2+ 33. Bxg2
g5 34. Rg7 Ba4 35. Rxg5 Bxc2 36. b4 Ne6 37. Nxe6 Rxe6 38. Rg8+ Kd7 39. Bxb7 Re3
40. Rg7+ Kd8 41. Bc6 Rxa3 42. Rd7+ Kc8 43. Re7 Rd3 44. b5 Rd8 45. Re2 Bd3 46.
Re5 f4 47. Kg2 a5 48. bxa6 Bxa6 49. Rf5 Bb7 50. Bxb7+ Kxb7 51. h4 c5 52. Rxc5
Rh8 53. h5 f3+ 54. Kf2 Kb6 55. Rf5 Kc6 56. Ra5 Kb6 57. Rg5 Kc6 58. Rg6+ Kd5 59.
h6 Ke5 60. Kxf3 Kf5 61. Rd6 Kg5 62. Re6 Kh5 63. Kf4 Kh4 64. Rf6 Kh5 65. Rf5+
Kg6 66. Re5 Kh7 67. Kg5 Rg8+ 68. Kh5 Kh8 69. Rf5 Kh7 70. Rf4 Kh8 71. Rh4 Kh7
72. Rh3 Kh8 73. Rh2 Kh7 74. Re2 Kh8 75. Rd2 Kh7 76. Rd1 Kh8 77. Rc1 Kh7 78. Re1
Kh8 79. Rd1 Kh7 80. Rc1 Kh8 81. Rc6 Kh7 82. Re6 Kh8 83. Rb6 Kh7 84. Rb3 Kh8 85.
Rh3 Kh7 86. Re3 Kh8 87. Kh4 Kh7 88. Re6 Kh8 89. Rf6 Kh7 90. Rd6 Kh8 91. Rd5 Kh7
92. Rh5 Kh8 93. Rf5 Kh7 94. Kh5 Kh8 95. Rf4 Kh7 96. Rh4 Rg1 97. Rh3 Kh8 98. Rf3
Kg8 99. Rh3 Kh8 100. Rf3 Kg8 101. Rh3 Kh8 102. Re3 1/2-1/2

[Event "ICS rated blitz match"]
[Site "204.178.125.65"]
[Date "2000.07.28"]
[Round "?"]
[White "Tinker"]
[Black "Hossa"]
[Result "1-0"]
[WhiteElo "2519"]
[BlackElo "2621"]
[PlyCount "103"]
[EventDate "2000.??.??"]

1. e4 c5 2. Nf3 d6 3. Bc4 Nf6 4. d3 e6 5. O-O Nc6 6. Bg5 Be7 7. Qe2 O-O 8. Nbd2
d5 9. Bb3 b5 10. c3 h6 11. Bf4 Nh5 12. Be5 Nxe5 13. Nxe5 Nf4 14. Qg4 Bg5 15.
Rfd1 Qc7 16. d4 dxe4 17. Re1 f5 18. Qd1 cxd4 19. cxd4 Qb6 20. Nf1 Rd8 21. Qc2
Rxd4 22. Rad1 Bf6 23. Rxd4 Qxd4 24. Qc6 Bxe5 25. Qxa8 Qc5 26. Ne3 Kh7 27. Nd1
g6 28. Kh1 Qc7 29. a3 Nd3 30. Re2 Nc5 31. Rc2 Qa5 32. Nc3 Bxc3 33. Rxc3 b4 34.
Rc1 bxa3 35. Qxc8 axb2 36. Rb1 h5 37. Bxe6 Nxe6 38. Qxe6 Qc7 39. Qd5 Qc1+ 40.
Qd1 Qc3 41. h3 Kh6 42. Kh2 Qe5+ 43. g3 f4 44. Qd2 e3 45. Qxb2 fxg3+ 46. fxg3
Qe8 47. Qd4 e2 48. Rb7 Qc6 49. Qf4+ g5 50. Qf8+ Kg6 51. Qf7+ Kh6 52. Qh7# {
Hossa checkmated} 1-0

[Event "ICS rated blitz match"]
[Site "204.178.125.65"]
[Date "2000.07.28"]
[Round "?"]
[White "Hossa"]
[Black "mid"]
[Result "1-0"]
[WhiteElo "2600"]
[BlackElo "2405"]
[PlyCount "75"]
[EventDate "2000.??.??"]

1. e4 e6 2. d4 d5 3. Nc3 Nf6 4. Bg5 Be7 5. e5 Nfd7 6. h4 h6 7. Bxe7 Qxe7 8. Qg4
Kf8 9. O-O-O c6 10. f4 h5 11. Qg5 Qxg5 12. hxg5 Kg8 13. Rh4 Nf8 14. g3 b6 15.
Nf3 g6 16. Kb1 Ba6 17. Bg2 Nbd7 18. Rdh1 Rh7 19. Re1 Rc8 20. Rh3 Kg7 21. Reh1
Nb8 22. Nd2 c5 23. dxc5 bxc5 24. Nb3 Bc4 25. Na5 Ba6 26. Kc1 Nc6 27. Nxc6 Rxc6
28. Bf3 Rc8 29. g4 hxg4 30. Rxh7+ Nxh7 31. Bxg4 Bb7 32. Nb5 Ba6 33. Nd6 Rh8 34.
Rh3 Nf8 35. Rxh8 Kxh8 36. Nxf7+ Kg7 37. Nd8 Bc8 38. Kd2 {mid resigns} 1-0

[Event "ICS rated blitz match"]
[Site "204.178.125.65"]
[Date "2000.07.28"]
[Round "?"]
[White "mid"]
[Black "Hossa"]
[Result "1-0"]
[WhiteElo "2397"]
[BlackElo "2608"]
[PlyCount "113"]
[EventDate "2000.??.??"]

1. e4 e6 2. d4 d5 3. Nc3 Bb4 4. e5 Ne7 5. a3 Bxc3+ 6. bxc3 c5 7. Qg4 Ng6 8. h4
cxd4 9. cxd4 Qc7 10. Bd2 h5 11. Qg3 Nc6 12. Nf3 Nce7 13. Bd3 Nf5 14. Qg5 a5 15.
O-O Bd7 16. Rab1 b5 17. Bxb5 Bxb5 18. Rxb5 Qxc2 19. Rxa5 Kd7 20. Rxa8 Rxa8 21.
Bb4 Qd3 22. Bc5 Rb8 23. Qxh5 Rb1 24. Rxb1 Qxb1+ 25. Kh2 Qf1 26. Qg5 Qxf2 27. h5
Ngh4 28. Nxh4 Nxh4 29. Qg3 Qxg3+ 30. Kxg3 Nf5+ 31. Kf4 Nh6 32. g4 Ke8 33. a4
Ng8 34. g5 Kd7 35. a5 Kc6 36. a6 Kc7 37. Ke3 Kb8 38. Kd3 Kc7 39. Kc3 Kc6 40.
Kb4 Kc7 41. Kb5 Kb8 42. Bf8 Ka8 43. Bxg7 Ne7 44. h6 Ka7 45. h7 Nf5 46. h8=Q
Nxd4+ 47. Kc5 Nb3+ 48. Kd6 Kxa6 49. Qh3 Na5 50. Qa3 Kb6 51. Qb4+ Ka6 52. Kc7
Nc4 53. Bf8 f6 54. gxf6 d4 55. Qxc4+ Ka5 56. Qb4+ Ka6 57. Qa4# {
Hossa checkmated} 1-0

[Event "ICS rated standard match"]
[Site "204.178.125.65"]
[Date "2000.07.28"]
[Round "?"]
[White "jyq"]
[Black "Hossa"]
[Result "0-1"]
[WhiteElo "2248"]
[BlackElo "2253"]
[PlyCount "102"]
[EventDate "2000.??.??"]

1. d4 Nf6 2. c4 c5 3. d5 g6 4. Nc3 Bg7 5. e4 d6 6. f4 e6 7. dxe6 fxe6 8. Nf3
O-O 9. Bd3 Nc6 10. O-O Ng4 11. h3 Nf6 12. Be3 Nh5 13. Qd2 b6 14. Rad1 Bxc3 15.
bxc3 Bb7 16. Kh2 Qc7 17. Ng5 Nd8 18. Bc2 Ba6 19. g4 Nf6 20. e5 dxe5 21. fxe5
Bxc4 22. Kg1 Bxf1 23. exf6 Bc4 24. Be4 Qg3+ 25. Kh1 Rc8 26. Bf4 Qh4 27. Qd7 Nf7
28. Nxf7 Rxf7 29. Qxc8+ Rf8 30. Rd8 Qe1+ 31. Kh2 Qf2+ 32. Kh1 Qf1+ 33. Kh2
Qxf4+ 34. Kg1 Qf1+ 35. Kh2 Qxf6 36. Rxf8+ Qxf8 37. Qc7 Qf2+ 38. Bg2 Bd5 39.
Qd8+ Kg7 40. Qe7+ Kh6 41. g5+ Kh5 42. Qxh7+ Kxg5 43. Qe7+ Kh6 44. Qh4+ Qxh4 45.
Bxd5 Qf4+ 46. Kg2 exd5 47. a4 d4 48. c4 d3 49. a5 d2 50. axb6 d1=Q 51. bxa7
Qdf1# {jyq checkmated} 0-1

[Event "ICS rated blitz match"]
[Site "204.178.125.65"]
[Date "2000.07.28"]
[Round "?"]
[White "Hossa"]
[Black "Tinker"]
[Result "1/2-1/2"]
[WhiteElo "2583"]
[BlackElo "2544"]
[PlyCount "163"]
[EventDate "2000.??.??"]

1. e4 d5 2. exd5 Qxd5 3. Nc3 Qe6+ 4. Nge2 Nf6 5. d4 Qb6 6. Ng3 Bd7 7. Rb1 Na6
8. d5 O-O-O 9. Be3 Qd6 10. Qd4 Qb6 11. Qc4 Qd6 12. Bxa7 e6 13. Nge4 Nxe4 14.
Nxe4 Qb4+ 15. c3 Qxc4 16. Bxc4 exd5 17. Bxa6 bxa6 18. Ng5 Re8+ 19. Be3 h6 20.
Nf3 Bc5 21. Nd4 Re4 22. Kd2 Bd6 23. f3 Re7 24. Rbe1 c5 25. Nb3 c4 26. Nd4 g6
27. b3 Rhe8 28. Bxh6 Rxe1 29. Rxe1 Rxe1 30. Kxe1 cxb3 31. axb3 Bxh2 32. Kd2 Be5
33. Be3 Kc7 34. f4 Bg7 35. Nf3 Bf5 36. Bd4 Bxd4 37. Nxd4 Be4 38. g4 Kd7 39. b4
Bg2 40. Nb3 Kd6 41. Nc5 Bf1 42. Ke3 f6 43. Kf2 Bb5 44. Kg3 g5 45. fxg5 fxg5 46.
Nb3 Ke5 47. Kf3 Ba4 48. Nc5 Bd1+ 49. Kf2 Bxg4 50. Nxa6 Bd7 51. Nc5 Bb5 52. Ke3
Bc4 53. Nd7+ Kd6 54. Nb6 Bb3 55. Kf3 Bd1+ 56. Kf2 Kc6 57. Nc8 Bg4 58. Ne7+ Kd6
59. Ng8 Ke5 60. b5 Be6 61. Ne7 Kd6 62. b6 Bd7 63. Nxd5 Bc6 64. c4 Kc5 65. Ne7
Kxb6 66. Ke3 Kc5 67. Nxc6 Kxc4 68. Kf2 Kd5 69. Na5 Kd4 70. Nb7 Ke4 71. Ke2 g4
72. Kf2 Kd5 73. Ke3 g3 74. Kf3 g2 75. Kf2 Ke6 76. Kg1 Kf7 77. Nc5 Kg8 78. Ne6
Kh8 79. Nc5 Kg8 80. Ne6 Kh8 81. Nc5 Kg8 82. Ne6 1/2-1/2

[Event "ICS rated blitz match"]
[Site "204.178.125.65"]
[Date "2000.07.28"]
[Round "?"]
[White "Tinker"]
[Black "Hossa"]
[Result "1-0"]
[WhiteElo "2546"]
[BlackElo "2581"]
[PlyCount "169"]
[EventDate "2000.??.??"]

1. e4 e6 2. d4 d5 3. e5 c5 4. Nf3 cxd4 5. Nxd4 Nc6 6. Nxc6 bxc6 7. c3 Qc7 8.
Qd4 Bd7 9. Bf4 Ne7 10. Nd2 c5 11. Qe3 Ng6 12. Bg3 Be7 13. Bd3 c4 14. Bxg6 hxg6
15. O-O Qb6 16. Qxb6 axb6 17. Nf3 g5 18. Nd4 g4 19. Bf4 Kd8 20. Rfe1 Kc8 21. b4
Kb7 22. a3 Ra4 23. Ra2 g6 24. Rea1 Be8 25. Rb2 Ra8 26. Raa2 Ba4 27. Rb1 Rh7 28.
Bg3 Bd7 29. Rba1 Ra4 30. Bf4 g5 31. Be3 f6 32. exf6 Bxf6 33. Rb1 e5 34. Ne2 Bf5
35. Rd1 Bd3 36. Ng3 d4 37. cxd4 exd4 38. Bc1 Re7 39. Nh5 Be5 40. Bxg5 Rh7 41.
Nf4 Bxf4 42. Bxf4 b5 43. Be5 Rd7 44. f4 Ra6 45. g3 Rd8 46. Kg2 Be4+ 47. Kf1 d3
48. Rda1 Bf3 49. Bc3 Re8 50. a4 Rxa4 51. Rxa4 bxa4 52. f5 Re2 53. f6 Bd5 54.
Rxa4 Rxh2 55. Ke1 Rg2 56. Ra5 Re2+ 57. Kf1 Bg8 58. Rg5 Rc2 59. Rg7+ Kc6 60.
Rxg8 Rxc3 61. f7 Rc1+ 62. Kf2 d2 63. Rd8 d1=N+ 64. Rxd1 Rxd1 65. f8=Q Rd2+ 66.
Ke1 Rh2 67. Qc5+ Kb7 68. Qxc4 Rh1+ 69. Kf2 Rh2+ 70. Ke3 Kb6 71. Qxg4 Ka7 72.
Qh4 Rg2 73. Qd4+ Ka6 74. Qc4+ Kb6 75. Qc5+ Kb7 76. Qd5+ Kc8 77. Qxg2 Kd8 78.
Qd5+ Ke7 79. b5 Kf6 80. Qd6+ Kf7 81. b6 Kg7 82. b7 Kf7 83. b8=Q Kg7 84. Qa7+
Kg8 85. Qdb8# {Hossa checkmated} 1-0

[Event "ICS rated blitz match"]
[Site "204.178.125.65"]
[Date "2000.07.28"]
[Round "?"]
[White "Hossa"]
[Black "Tinker"]
[Result "1-0"]
[WhiteElo "2563"]
[BlackElo "2564"]
[PlyCount "131"]
[EventDate "2000.??.??"]

1. d4 d5 2. c4 dxc4 3. Nf3 b5 4. Nc3 c6 5. a4 b4 6. Nb1 Qd5 7. e3 Bg4 8. Be2
Nf6 9. Qc2 c3 10. bxc3 b3 11. Qb2 e5 12. c4 Qe6 13. Qxb3 Nbd7 14. Qb7 Rb8 15.
Qxa7 e4 16. Ng1 Bb4+ 17. Bd2 Bxe2 18. Nxe2 Qxc4 19. Bxb4 Qxb4+ 20. Nd2 O-O 21.
Ng3 Qc3 22. Rd1 Rb2 23. Qc7 c5 24. Ne2 Qb4 25. Qc6 Ra2 26. Qb5 Rxa4 27. Qxb4
cxb4 28. Ng3 Re8 29. h4 Nb6 30. Nf5 Nbd5 31. Nd6 Re7 32. O-O Re6 33. Ra1 Ra3
34. N2c4 Rxa1 35. Rxa1 g6 36. Ra8+ Kg7 37. Rb8 Re7 38. Ne5 Ra7 39. g4 Ra6 40.
h5 h6 41. g5 Rxd6 42. gxh6+ Kxh6 43. Nxf7+ Kg7 44. Nxd6 gxh5 45. Rb5 Kh6 46.
Nxe4 Nxe4 47. Rxd5 b3 48. Rb5 Nd2 49. Kg2 Kg6 50. f3 Kf6 51. Kf2 h4 52. Ke2 Nc4
53. Kd3 Nb2+ 54. Kc3 Nd1+ 55. Kd2 Nf2 56. Ke2 Nh1 57. Rxb3 Ke6 58. Rb6+ Kf5 59.
e4+ Kg5 60. Ke3 h3 61. f4+ Kh4 62. Rh6+ Kg4 63. Rg6+ Kh5 64. Rg1 Nf2 65. Rg5+
Kh6 66. Kxf2 1-0

[Event "ICS rated blitz match"]
[Site "204.178.125.65"]
[Date "2000.07.28"]
[Round "?"]
[White "Tinker"]
[Black "Hossa"]
[Result "0-1"]
[WhiteElo "2548"]
[BlackElo "2579"]
[PlyCount "142"]
[EventDate "2000.??.??"]

1. e4 e5 2. Nc3 Nf6 3. Nf3 Bb4 4. a3 Bxc3 5. dxc3 O-O 6. Bc4 d6 7. Qe2 a6 8.
O-O Nc6 9. Ng5 Qe7 10. Bd2 h6 11. Nf3 Be6 12. Rfe1 Bxc4 13. Qxc4 Qe6 14. Qxe6
fxe6 15. h3 Kf7 16. b3 b6 17. Rab1 Nh5 18. b4 Nf4 19. Rb3 g5 20. Rb2 Ke7 21.
Nh2 h5 22. a4 b5 23. axb5 axb5 24. c4 bxc4 25. Kh1 Ra3 26. b5 Nd4 27. Bb4 Raa8
28. Bc3 Nfe2 29. Bxd4 exd4 30. Nf3 d3 31. Rb4 Rxf3 32. gxf3 d2 33. Rd1 Ra1 34.
Rxa1 Nc1 35. Rxc4 d1=Q+ 36. Kg2 g4 37. hxg4 hxg4 38. Rxc7+ Kf6 39. Ra3 Ne2 40.
fxg4 Qg1+ 41. Kf3 Nd4+ 42. Ke3 Nxb5 43. Raa7 Qe1+ 44. Kf3 Nd4+ 45. Kg2 Qxe4+
46. Kh2 Qf4+ 47. Kh1 Qf3+ 48. Kh2 Qxf2+ 49. Kh1 Qh4+ 50. Kg2 Qxg4+ 51. Kh1 Nxc2
52. Rf7+ Ke5 53. Rg7 Qe4+ 54. Kg1 Qe1+ 55. Kh2 Ne3 56. Raf7 Kd5 57. Rd7 e5 58.
Rdf7 Qe2+ 59. Kg1 Ke4 60. Rc7 d5 61. Ra7 Qe1+ 62. Kh2 Qf2+ 63. Kh1 Nf5 64. Ra4+
d4 65. Rg2 Qf3 66. Raa2 Ne3 67. Raf2 Qxg2+ 68. Rxg2 Nxg2 69. Kxg2 Ke3 70. Kf1
e4 71. Ke1 d3 {Tinker resigns} 0-1

[Event "ICS unrated blitz match"]
[Site "204.178.125.65"]
[Date "2000.07.28"]
[Round "?"]
[White "Hossa"]
[Black "GeorgeVidan"]
[Result "1-0"]
[WhiteElo "2594"]
[BlackElo "2476"]
[PlyCount "42"]
[EventDate "2000.??.??"]

1. Nf3 e5 2. Nxe5 Nc6 3. Nxc6 dxc6 4. e3 Nf6 5. Be2 Bd6 6. d3 Bd7 7. O-O h5 8.
e4 Bxh2+ 9. Kxh2 Ng4+ 10. Kg1 Qh4 11. Bf4 Qf6 12. Qc1 O-O-O 13. Nc3 Rdg8 14. a4
g5 15. Bg3 Qd4 16. a5 f5 17. a6 b5 18. Bxg4 fxg4 19. Qe3 c5 20. Qxd4 cxd4 21.
Nd5 Rg6 1-0

[Event "ICS unrated blitz match"]
[Site "204.178.125.65"]
[Date "2000.07.28"]
[Round "?"]
[White "GeorgeVidan"]
[Black "Hossa"]
[Result "0-1"]
[WhiteElo "2476"]
[BlackElo "2594"]
[PlyCount "49"]
[EventDate "2000.??.??"]

1. d4 d5 2. e4 dxe4 3. Nc3 Nf6 4. f3 exf3 5. Nxf3 Bf5 6. Bc4 e6 7. Bg5 Be7 8.
Qd2 Nbd7 9. O-O-O Nb6 10. Bb3 O-O 11. Kb1 a5 12. a4 Ne4 13. Nxe4 Bxe4 14. h4
Bc6 15. Ne5 Bxa4 16. Ng4 Bxb3 17. cxb3 f6 18. Be3 a4 19. bxa4 Rxa4 20. Qc2 Qa8
21. Qb3 Nc4 22. Bc1 Ra1+ 23. Kc2 b5 24. Ne3 Qe4+ 25. Kc3 0-1

[Event "ICS unrated blitz match"]
[Site "204.178.125.65"]
[Date "2000.07.28"]
[Round "?"]
[White "Hossa"]
[Black "GeorgeVidan"]
[Result "1-0"]
[WhiteElo "2594"]
[BlackElo "2476"]
[PlyCount "39"]
[EventDate "2000.??.??"]

1. e4 Nc6 2. Nf3 d6 3. d4 f6 4. d5 Ne5 5. Nd4 c5 6. Ne6 Bxe6 7. dxe6 g6 8. Bb5+
Nc6 9. Na3 a6 10. Bxc6+ bxc6 11. Nc4 Rb8 12. O-O Qc8 13. Qg4 Bg7 14. c3 g5 15.
Qh5+ Kd8 16. Qf7 Bh6 17. Rd1 Kc7 18. Nxd6 Qf8 19. Qxf8 Bxf8 20. Nf7 1-0

[Event "ICS rated standard match"]
[Site "204.178.125.65"]
[Date "2000.07.28"]
[Round "?"]
[White "Hossa"]
[Black "Loc"]
[Result "0-1"]
[WhiteElo "2267"]
[BlackElo "2289"]
[PlyCount "122"]
[EventDate "2000.??.??"]

1. e4 e5 2. Nc3 Nf6 3. Nf3 Nc6 4. d4 Bb4 5. d5 Ne7 6. Nxe5 d6 7. Nf3 Nxe4 8.
Qd4 Bxc3+ 9. bxc3 Nf6 10. c4 h6 11. Be2 O-O 12. Bb2 Bf5 13. Qd1 Ng6 14. Nd4 Bd7
15. O-O Re8 16. Re1 Ne5 17. Rb1 Ne4 18. f4 Ng6 19. Bd3 Nc5 20. Bxg6 fxg6 21.
Ba3 Rxe1+ 22. Qxe1 Qf6 23. Bxc5 dxc5 24. Ne6 Re8 25. Rxb7 Bxe6 26. dxe6 Rxe6
27. Qd2 Rd6 28. Qe3 Qa1+ 29. Kf2 Qd1 30. Rb2 Rd2+ 31. Kg3 Re2 32. Rb8+ Kh7 33.
Qc3 Qg1 34. Qf3 Qe1+ 35. Kh3 Re3 36. Rb3 Rxf3+ 37. Rxf3 Qe6+ 38. Kg3 Qxc4 39.
h3 Qxa2 40. Rc3 c4 41. Kf2 a5 42. g3 Qa4 43. h4 Qb4 44. Re3 a4 45. Re8 a3 46.
h5 gxh5 47. Rd8 a2 48. Ra8 Qb1 49. Ke2 a1=Q 50. Rxa1 Qxa1 51. Kd2 Qd4+ 52. Ke2
c3 53. Kf3 Qd2 54. f5 Qxc2 55. f6 Qd3+ 56. Kf2 gxf6 57. g4 c2 58. g5 c1=Q 59.
g6+ Kxg6 60. Kg2 Qcc2+ 61. Kg1 Qdd1# {Hossa checkmated} 0-1

[Event "ICS rated standard match"]
[Site "204.178.125.65"]
[Date "2000.07.28"]
[Round "?"]
[White "Hossa"]
[Black "elnen2"]
[Result "1-0"]
[WhiteElo "2252"]
[BlackElo "2086"]
[PlyCount "51"]
[EventDate "2000.??.??"]

1. e4 c5 2. Nc3 Nc6 3. f4 d6 4. Nf3 g6 5. Bb5 Bd7 6. d3 Bg7 7. O-O Nd4 8. Nxd4
Bxd4+ 9. Kh1 Bxb5 10. Nxb5 Bg7 11. a4 a6 12. Nc3 e6 13. f5 Nf6 14. fxe6 fxe6
15. e5 dxe5 16. Bg5 O-O 17. Ne4 h6 18. Bxf6 Bxf6 19. Qg4 Kg7 20. Nxc5 h5 21.
Nxe6+ Kh7 22. Nxf8+ Qxf8 23. Qe6 Kg7 24. Qb6 Qe7 25. Rxf6 Qxf6 26. Qxb7+ {
elnen2 resigns} 1-0

[Event "ICS rated blitz match"]
[Site "204.178.125.65"]
[Date "2000.07.28"]
[Round "?"]
[White "Hossa"]
[Black "Tinker"]
[Result "0-1"]
[WhiteElo "2594"]
[BlackElo "2533"]
[PlyCount "130"]
[EventDate "2000.??.??"]

1. e4 d5 2. exd5 Qxd5 3. Nc3 Qe6+ 4. Nge2 Na6 5. d4 Nf6 6. d5 Qd6 7. Nf4 Bd7 8.
Bc4 O-O-O 9. Be3 Ng4 10. Bd2 Nxf2 11. Kxf2 Qc5+ 12. Be3 Qxc4 13. Qd3 Qxd3 14.
Nxd3 Kb8 15. Rhf1 f6 16. Nf4 Nb4 17. Rfc1 Bf5 18. Ne6 Rd7 19. Nc5 Rd6 20. Bf4
Nxc2 21. Bxd6 Nxa1 22. Bxc7+ Kxc7 23. Rxa1 e5 24. N5e4 Kd7 25. Rc1 Bb4 26. a3
Be7 27. Rd1 Rc8 28. d6 Bd8 29. Kf3 Rc4 30. b3 Rc6 31. g4 Bg6 32. b4 Bb6 33. b5
Rc4 34. Re1 Ba5 35. Re3 Bxc3 36. Nxc3 Kxd6 37. h3 h5 38. a4 Kc5 39. g5 fxg5 40.
Kf2 Rf4+ 41. Ke2 Kc4 42. Nd1 Kd4 43. Nc3 g4 44. b6 axb6 45. h4 Be8 46. Rd3+ Kc4
47. Nd5 Re4+ 48. Ne3+ Kb4 49. Rd6 Bc6 50. Rg6 Kc5 51. Rg5 Kd4 52. Rxh5 Rxe3+
53. Kf1 Rh3 54. Rg5 g3 55. Ke2 Rh2+ 56. Ke1 Rh1+ 57. Ke2 g2 58. Rg4+ Be4 59.
Rxg7 g1=Q 60. Rxg1 Rxg1 61. h5 Rg2+ 62. Kd1 Bd3 63. h6 e4 64. Ke1 e3 65. Kd1
Rg1# 0-1

[Event "ICS rated standard match"]
[Site "204.178.125.65"]
[Date "2000.07.28"]
[Round "?"]
[White "elnen2"]
[Black "Hossa"]
[Result "1/2-1/2"]
[WhiteElo "2074"]
[BlackElo "2259"]
[PlyCount "196"]
[EventDate "2000.??.??"]

1. e4 d5 2. exd5 Qxd5 3. Nc3 Qe6+ 4. Be2 Nf6 5. Nf3 Nc6 6. O-O Qd6 7. Nb5 Qd8
8. b3 a6 9. Nc3 e5 10. Bb2 Be7 11. Re1 O-O 12. d3 Re8 13. h3 b6 14. Bf1 Nd7 15.
Nd5 Bd6 16. Qd2 Bb7 17. d4 Nxd4 18. Nxd4 Bxd5 19. Nf5 Bb7 20. Nxd6 cxd6 21.
Qxd6 Re6 22. Qd2 Qc7 23. Rad1 Rd8 24. Qc3 Rc6 25. Qg3 f6 26. c4 Rd6 27. Rxd6
Qxd6 28. Qd3 Nc5 29. Qxd6 Rxd6 30. Ba3 Rd2 31. Bxc5 bxc5 32. Re2 Rd1 33. f3 Bc8
34. Kf2 Kf7 35. Rb2 f5 36. Be2 Rd7 37. Ke1 h6 38. Rd2 Rd4 39. Rxd4 exd4 40. f4
Bb7 41. g3 g6 42. a3 a5 43. h4 h5 44. Kd2 Be4 45. Bd3 Ke7 46. Be2 Kd6 47. Bf1
Kd7 48. a4 Ke6 49. Be2 Ke7 50. Bd1 Kf8 51. Be2 Kf7 52. Bf1 Bc6 53. Be2 Ke8 54.
Bf1 Be4 55. Kc1 Kf8 56. Kd2 Kf7 57. Be2 Kg8 58. Bf1 Bf3 59. Kc1 Kf7 60. Kd2 Kf6
61. Bd3 Ke6 62. Bf1 Kd6 63. Bd3 Be4 64. Be2 Kc7 65. Bf1 Kc6 66. Be2 Bg2 67. Bd3
Kb6 68. Be2 Be4 69. Bf1 Bf3 70. Kc1 Kc6 71. Kd2 Kd7 72. Kc1 Kc7 73. Kd2 Kb7 74.
Bd3 Bg2 75. Be2 Bc6 76. Kd3 Be4+ 77. Kd2 Bh1 78. Bf1 Be4 79. Be2 Ka7 80. Kc1
Kb8 81. Kd2 Kc8 82. Bf1 Kb8 83. Bh3 Ka7 84. Bf1 Kb8 85. Kc1 Kb7 86. Kd2 Ka8 87.
Bh3 Bc6 88. Kd3 Kb7 89. Bf1 Bf3 90. Kd2 Kc8 91. Bh3 Kd8 92. Bf1 Bc6 93. Kd3
Be4+ 94. Kd2 Kd7 95. Be2 Bc6 96. Bf1 Kc7 97. Bh3 Kc8 98. Bf1 Kc7 1/2-1/2

[Event "ICS rated blitz match"]
[Site "204.178.125.65"]
[Date "2000.07.28"]
[Round "?"]
[White "Hossa"]
[Black "mid"]
[Result "1-0"]
[WhiteElo "2575"]
[BlackElo "2422"]
[PlyCount "35"]
[EventDate "2000.??.??"]

1. e4 e6 2. d4 d5 3. e5 c6 4. Nf3 b6 5. Be2 Ba6 6. O-O Bxe2 7. Qxe2 h5 8. b3
Ne7 9. Bg5 Qd7 10. c4 Nf5 11. Qd2 Na6 12. a3 Nc7 13. Nc3 Be7 14. Bxe7 Nxe7 15.
a4 O-O 16. Qg5 g6 17. h3 Nc8 18. Qh6 1-0